[Event "ODJM A 2018"]
[Site "Willingen GER"]
[Date "2018.05.22"]
[Round "4"]
[White "Hofmann, Lorenz"]
[Black "Oganessjan, Artur"]
[Result "1/2-1/2"]
[Termination "normal"]
[Board "13"]
[WhiteElo "1909"]
[BlackElo "2045"]
[PlyCount "94"]
[WhiteFideId "12995509"]
[BlackFideId "12986062"]
[EventCountry "GER"]
[EventRounds "9"]
[EventType "swiss"]
[EventDate "2018.05.19"]

1. d4 Nf6 2. c4 e6 3. Nc3 d5 4. cxd5 exd5 5. Nf3 c6 6. Bg5 Be7 7. e3 h6 8. Bh4
Bf5 9. Bd3 Bxd3 10. Qxd3 Nbd7 11. O-O O-O 12. Rab1 a5 13. Rfc1 a4 14. b4 axb3
15. axb3 Ra3 16. Qc2 Qa5 17. Ne5 Bb4 18. Nd3 Bxc3 19. Qxc3 Qxc3 20. Rxc3 g5 21.
Bg3 Ne4 22. Rc2 f6 23. f3 Nxg3 24. hxg3 f5 25. Kf2 Kg7 26. Rd2 Rfa8 27. Nc5
Nxc5 28. dxc5 Ra2 29. Rbb2 Rxb2 30. Rxb2 Ra5 31. b4 Rb5 32. Ke2 b6 33. cxb6 c5
34. Kd3 Rxb6 35. Kc3 cxb4+ 36. Rxb4 Rc6+ 37. Kd3 Kf6 38. Rb8 Ra6 39. Rb2 Ke5
40. f4+ Kf6 41. Rc2 Kg6 42. Kd4 Ra4+ 43. Kxd5 Re4 44. Rc6+ Kh5 45. Re6 Ra4 46.
Ke5 Kg4 47. Rxh6 Ra5+ 1/2-1/2

[Event "ODJM A 2018"]
[Site "Willingen GER"]
[Date "2018.05.22"]
[Round "4"]
[White "Engel, Robert"]
[Black "Grund, Sebastian"]
[Result "1/2-1/2"]
[Termination "normal"]
[Board "14"]
[WhiteElo "2081"]
[BlackElo "1892"]
[PlyCount "70"]
[WhiteFideId "12974684"]
[BlackFideId "12988626"]
[EventCountry "GER"]
[EventRounds "9"]
[EventType "swiss"]
[EventDate "2018.05.19"]

1. e4 c5 2. Nf3 Nc6 3. d4 cxd4 4. Nxd4 g6 5. c4 Bg7 6. Be3 Nf6 7. Nc3 O-O 8.
Be2 d6 9. O-O Bd7 10. f3 Nxd4 11. Bxd4 a5 12. a3 a4 13. c5 dxc5 14. Bxc5 Re8
15. e5 Nh5 16. f4 Qc7 17. Bb4 Bc6 18. Bxh5 Red8 19. Qe2 gxh5 20. Rad1 Rxd1 21.
Rxd1 Rd8 22. Qxh5 Qb6+ 23. Kh1 Rxd1+ 24. Nxd1 Qd4 25. Qg4 h5 26. Qe2 Qxf4 27.
Bc3 h4 28. h3 Qg3 29. Kg1 Bd7 30. Nf2 Bh6 31. Qf3 Qxf3 32. gxf3 Be3 33. Kg2
Bxf2 34. Kxf2 Bxh3 35. Bd2 f6 1/2-1/2

[Event "ODJM A 2018"]
[Site "Willingen GER"]
[Date "2018.05.22"]
[Round "4"]
[White "Do, Nam"]
[Black "Stelmaszyk, Nico"]
[Result "1-0"]
[Termination "normal"]
[Board "15"]
[WhiteElo "1947"]
[BlackElo "1919"]
[PlyCount "85"]
[WhiteFideId "12998885"]
[BlackFideId "16200462"]
[EventCountry "GER"]
[EventRounds "9"]
[EventType "swiss"]
[EventDate "2018.05.19"]

1. e4 e5 2. Nf3 Nf6 3. Nxe5 Nxe4 4. Qe2 Qe7 5. Qxe4 d6 6. d4 dxe5 7. dxe5 Nc6
8. Bb5 Bd7 9. O-O O-O-O 10. a4 Nxe5 11. Qe3 Kb8 12. Nc3 Ng4 13. Qg3 h5 14. Bf4
Be6 15. Rfd1 h4 16. Qf3 g5 17. Rxd8+ Qxd8 18. Rd1 Qf6 19. Nd5 Bxd5 20. Rxd5
gxf4 21. Qxg4 Bd6 22. b3 a6 23. Bf1 h3 24. gxh3 Qc3 25. Rd3 Qxc2 26. Qf3 Rg8+
27. Kh1 Bc5 28. Bg2 c6 29. Qxf4+ Ka7 30. Qd2 Qb1+ 31. Qd1 Qb2 32. Rd2 Qf6 33.
Qe2 Qg5 34. f4 Qxf4 35. Rd1 Bd6 36. Bf3 Rh8 37. Qg2 Re8 38. Qg1+ Re3 39. Bg2
Bc5 40. b4 Re1 41. Qxe1 Bxb4 42. Qg1+ c5 43. Rd7 1-0

[Event "ODJM A 2018"]
[Site "Willingen GER"]
[Date "2018.05.22"]
[Round "4"]
[White "Silber, Kevin"]
[Black "Kreutz, Jonas"]
[Result "1-0"]
[Termination "normal"]
[Board "16"]
[WhiteElo "2244"]
[BlackElo "1861"]
[PlyCount "51"]
[WhiteFideId "12930440"]
[BlackFideId "12970697"]
[EventCountry "GER"]
[EventRounds "9"]
[EventType "swiss"]
[EventDate "2018.05.19"]

1. e4 e6 2. d4 d5 3. Nd2 Nc6 4. Ngf3 Nf6 5. e5 Nd7 6. c4 dxc4 7. Nxc4 Nb6 8. a3
Ne7 9. Na5 Nbd5 10. Bd3 b6 11. Nc4 Bb7 12. Qc2 Ng6 13. Ne3 Nxe3 14. Bb5+ c6 15.
Bxc6+ Ke7 16. Bxe3 Rc8 17. d5 Bxc6 18. dxc6 Qd5 19. Rc1 Nxe5 20. Nxe5 Qxe5 21.
O-O Ke8 22. Rfd1 Be7 23. Rd7 Bc5 24. Bxc5 Rxc6 25. Re7+ Kf8 26. Rxe6+ 1-0

[Event "ODJM A 2018"]
[Site "Willingen GER"]
[Date "2018.05.22"]
[Round "4"]
[White "Schilay, Lorenz"]
[Black "Goldbeck, Lars"]
[Result "0-1"]
[Termination "normal"]
[Board "17"]
[WhiteElo "1920"]
[BlackElo "2247"]
[PlyCount "46"]
[WhiteFideId "12930180"]
[BlackFideId "16208188"]
[EventCountry "GER"]
[EventRounds "9"]
[EventType "swiss"]
[EventDate "2018.05.19"]

1. e4 c5 2. c3 d5 3. exd5 Nf6 4. Qa4+ Nbd7 5. c4 e6 6. dxe6 fxe6 7. Nf3 Bd6 8.
Be2 O-O 9. Nc3 Ne5 10. Nxe5 Bxe5 11. d3 Bd7 12. Qd1 Qc7 13. h3 Bc6 14. Bf3
Bxc3+ 15. bxc3 Qe5+ 16. Kd2 Ne4+ 17. Bxe4 Bxe4 18. f4 Rxf4 19. Kc2 Rf2+ 20. Bd2
Bxd3+ 21. Kxd3 Qf5+ 22. Ke3 Rd8 23. Qf3 Rxf3+ 0-1

[Event "ODJM A 2018"]
[Site "Willingen GER"]
[Date "2018.05.22"]
[Round "4"]
[White "Rieper, Julian"]
[Black "Lohr, Maximilian"]
[Result "1-0"]
[Termination "normal"]
[Board "18"]
[WhiteElo "2038"]
[BlackElo "1876"]
[PlyCount "79"]
[WhiteFideId "12936960"]
[BlackFideId "12999717"]
[EventCountry "GER"]
[EventRounds "9"]
[EventType "swiss"]
[EventDate "2018.05.19"]

1. e4 d5 2. exd5 Qxd5 3. Nc3 Qd6 4. d4 Nf6 5. Bc4 a6 6. Nf3 b5 7. Bb3 Bb7 8.
Be3 e6 9. h3 Nbd7 10. Qe2 Be7 11. Rd1 O-O 12. O-O Rad8 13. Rfe1 c5 14. a4 c4
15. Ba2 Qc6 16. Bf4 Bb4 17. Bd2 Nb6 18. Qf1 Bxc3 19. axb5 axb5 20. Bxc3 Nbd5
21. Bd2 Ra8 22. Bb1 Ba6 23. Ne5 Qc7 24. c3 b4 25. f4 bxc3 26. bxc3 Nd7 27. f5
Nxe5 28. Rxe5 Bc8 29. Qf3 Ra3 30. f6 Nxf6 31. Bh6 Ne8 32. Rc5 Bb7 33. Qh5 Qg3
34. Bxh7+ Kh8 35. Rg5 Qe3+ 36. Kh1 Ra2 37. Bb1 g6 38. Bxg6 fxg6 39. Bg7+ Kg8
40. Qh8+ 1-0

[Event "ODJM A 2018"]
[Site "Willingen GER"]
[Date "2018.05.22"]
[Round "4"]
[White "Leser, Stefan"]
[Black "Brunner, Jan"]
[Result "1-0"]
[Termination "normal"]
[Board "19"]
[WhiteElo "1852"]
[BlackElo "2005"]
[PlyCount "63"]
[WhiteFideId "12997706"]
[BlackFideId "12981010"]
[EventCountry "GER"]
[EventRounds "9"]
[EventType "swiss"]
[EventDate "2018.05.19"]

1. e4 c5 2. Nf3 a6 3. c4 Qa5 4. Nc3 e6 5. d4 cxd4 6. Nxd4 Nf6 7. Qd3 Nc6 8. Be2
Nxd4 9. Qxd4 d6 10. O-O Be7 11. Bd2 Qc7 12. Kh1 O-O 13. f4 Nd7 14. Rf3 Bf6 15.
Qf2 Qc5 16. Qg3 b6 17. Qg4 Bb7 18. Rg3 g6 19. Bd3 Bg7 20. Na4 Qc6 21. Nc3 Nc5
22. Re1 Rad8 23. Bc2 a5 24. f5 Rfe8 25. Rf1 exf5 26. exf5 h5 27. Qg5 Be5 28.
fxg6 f5 29. Qxh5 Re7 30. Nd5 Rg7 31. Rh3 Rgd7 32. Bc3 1-0

[Event "ODJM A 2018"]
[Site "Willingen GER"]
[Date "2018.05.22"]
[Round "4"]
[White "Seref, Erdogan"]
[Black "Schallner, Marc"]
[Result "1/2-1/2"]
[Termination "normal"]
[Board "20"]
[WhiteElo "1991"]
[BlackElo "1993"]
[PlyCount "70"]
[WhiteFideId "16206827"]
[BlackFideId "12971243"]
[EventCountry "GER"]
[EventRounds "9"]
[EventType "swiss"]
[EventDate "2018.05.19"]

1. e4 c6 2. Nc3 d5 3. Nf3 e6 4. d4 Bb4 5. Bd3 dxe4 6. Bxe4 Nf6 7. Bd3 c5 8. O-O
Nc6 9. Ne2 cxd4 10. Nexd4 Nxd4 11. Nxd4 Bc5 12. c3 Bxd4 13. cxd4 Bd7 14. Bg5
Bc6 15. Bc4 O-O 16. Re1 Rc8 17. Rc1 h6 18. Bh4 Bd5 19. b3 g5 20. Bg3 Ne4 21.
Be5 f6 22. Rxe4 Rxc4 23. bxc4 Bxe4 24. Bg3 Qd7 25. d5 exd5 26. f3 Bf5 27. cxd5
Rc8 28. d6 Rxc1 29. Qxc1 Qc8 30. Qe3 Be6 31. a3 b6 32. Bf2 Qd7 33. Qd4 Kf7 34.
h4 Qc6 35. Be3 Qc4 1/2-1/2

[Event "ODJM A 2018"]
[Site "Willingen GER"]
[Date "2018.05.22"]
[Round "4"]
[White "Hoffmann, Fabian"]
[Black "Elier, Ali"]
[Result "1-0"]
[Termination "normal"]
[Board "21"]
[WhiteElo "1893"]
[BlackElo "1987"]
[PlyCount "53"]
[WhiteFideId "12964891"]
[BlackFideId "16217543"]
[EventCountry "GER"]
[EventRounds "9"]
[EventType "swiss"]
[EventDate "2018.05.19"]

1. e4 e5 2. Nf3 Nc6 3. Bc4 Nf6 4. Ng5 Bc5 5. Bxf7+ Ke7 6. Bd5 d6 7. h3 Rf8 8.
Nf3 Qe8 9. d3 Qg6 10. Bg5 h6 11. Bxf6+ Rxf6 12. Rg1 Bd7 13. Bxc6 bxc6 14. Nbd2
Qh5 15. c3 g5 16. d4 Bb6 17. Qb3 Raf8 18. O-O-O Be6 19. Qa4 exd4 20. cxd4 Bd7
21. e5 21... Rf4 {(=)} 22. Rge1 dxe5 23. Nxe5 Kd8 24. Nxc6+ Bxc6 25. Qxc6 Qf7
26. Nc4 Rf6 27. Qa8+ 1-0

[Event "ODJM A 2018"]
[Site "Willingen GER"]
[Date "2018.05.22"]
[Round "4"]
[White "Beesk, Kevin"]
[Black "Meiwes, Thore"]
[Result "1-0"]
[Termination "normal"]
[Board "22"]
[WhiteElo "1968"]
[BlackElo "1771"]
[PlyCount "127"]
[WhiteFideId "1271882"]
[BlackFideId "16201256"]
[EventCountry "GER"]
[EventRounds "9"]
[EventType "swiss"]
[EventDate "2018.05.19"]

1. e4 c6 2. Nc3 d5 3. g3 dxe4 4. Nxe4 Bf5 5. Bg2 e6 6. d3 Nd7 7. Qe2 Ngf6 8.
Nf3 Be7 9. O-O O-O 10. Re1 Nb6 11. Bd2 Nbd5 12. a3 h6 13. Rad1 a5 14. c4 Nb6
15. Bc3 Na4 16. Nxf6+ Bxf6 17. Bxf6 Qxf6 18. Ne5 Rfd8 19. d4 Nb6 20. f4 Nd7 21.
g4 Bh7 22. Rf1 Nxe5 23. fxe5 Qe7 24. Rf2 Bg6 25. Be4 Bxe4 26. Qxe4 Rd7 27. Rfd2
Rad8 28. Qf4 Qg5 29. Qg3 g6 30. h4 Qe7 31. g5 h5 32. Qe3 a4 33. Qe4 Re8 34. Kg2
Red8 35. Kf3 Re8 36. Kf4 Red8 37. Ke3 Re8 38. Kf3 Red8 39. Kf4 Kh7 40. Rd3 Kg8
41. R1d2 Kh7 42. Kf3 Re8 43. Rd1 Kg8 44. Kf4 Red8 45. R3d2 Kh7 46. d5 cxd5 47.
cxd5 Rxd5 48. Rxd5 Rxd5 49. Rxd5 exd5 50. Qxd5 Qc7 51. Ke3 Qc1+ 52. Kd3 Qd1+
53. Kc4 Qb3+ 54. Kc5 Qe3+ 55. Kd6 Qb6+ 56. Kd7 Kg7 57. Ke8 Qc6+ 58. Qxc6 bxc6
59. Ke7 c5 60. e6 fxe6 61. Kxe6 Kg8 62. Kf6 Kh7 63. Kf7 c4 64. Kf6 1-0

[Event "ODJM A 2018"]
[Site "Willingen GER"]
[Date "2018.05.22"]
[Round "4"]
[White "Isler, Benjamin"]
[Black "Pölt, Christoph"]
[Result "1-0"]
[Termination "normal"]
[Board "23"]
[WhiteElo "1881"]
[BlackElo "1903"]
[PlyCount "49"]
[WhiteFideId "12975478"]
[BlackFideId "12960853"]
[EventCountry "GER"]
[EventRounds "9"]
[EventType "swiss"]
[EventDate "2018.05.19"]

1. e4 c5 2. d4 cxd4 3. c3 Nf6 4. e5 Nd5 5. Nf3 Nc6 6. Bc4 Nb6 7. Bb3 d5 8. exd6
Qxd6 9. O-O Bf5 10. Na3 d3 11. Nb5 Qd7 12. Bf4 Rc8 13. Nxa7 Nxa7 14. Bxf7+ Kxf7
15. Ne5+ Ke8 16. Nxd7 Nxd7 17. Qa4 Nc6 18. Qb5 e5 19. Rfe1 Bd6 20. Bxe5 Ncxe5
21. f4 Ke7 22. fxe5 Nxe5 23. Rxe5+ Bxe5 24. Qxe5+ Be6 25. Re1 1-0

[Event "ODJM A 2018"]
[Site "Willingen GER"]
[Date "2018.05.22"]
[Round "4"]
[White "Gallasch, Robin"]
[Black "Gallasch, Jonas"]
[Result "0-1"]
[Termination "normal"]
[Board "24"]
[WhiteElo "1752"]
[BlackElo "1924"]
[PlyCount "160"]
[WhiteFideId "16222423"]
[BlackFideId "16222474"]
[EventCountry "GER"]
[EventRounds "9"]
[EventType "swiss"]
[EventDate "2018.05.19"]

1. d4 e6 2. e4 d5 3. exd5 Qxd5 4. Nf3 Nf6 5. Bd3 b6 6. O-O Bb7 7. Bf4 Bd6 8.
Bxd6 Qxd6 9. Nbd2 Nbd7 10. Re1 O-O 11. c3 Rfd8 12. Ne4 Qf4 13. Qe2 Rac8 14.
Rad1 h6 15. h3 c6 16. a4 Qc7 17. Nxf6+ Nxf6 18. Qe5 Kf8 19. Qxc7 Rxc7 20. Ne5
c5 21. dxc5 Rxc5 22. f3 Rcd5 23. Kf2 Ba6 24. Re3 Rxe5 25. Bxa6 Rxd1 26. Rxe5
Ke7 27. Re1 Rd5 28. Bc4 Rd6 29. g4 Nd7 30. Ke2 Nc5 31. b3 Nb7 32. Ba6 Nc5 33.
Bc4 Rc6 34. Bb5 Rc7 35. b4 Nb7 36. Rc1 Nd6 37. Bd3 Nc4 38. Bxc4 Rxc4 39. Kd3
Rf4 40. Ke3 g5 41. h4 Kd6 42. hxg5 hxg5 43. Rd1+ Kc7 44. Rh1 a5 45. bxa5 bxa5
46. Rh8 Kd6 47. Ra8 Rxa4 48. Ra6+ Kd5 49. Ra7 f6 50. Rf7 Rf4 51. Ra7 Ra4 52.
Rf7 Ke5 53. Kd3 f5 54. gxf5 exf5 55. Rg7 Kf4 56. c4 Ra3+ 57. Kd2 Rxf3 58. c5
Rb3 59. c6 Rb8 60. Ra7 Rc8 61. c7 g4 62. Ke2 Ke4 63. Kf2 f4 64. Kg2 g3 65. Kg1
f3 66. Rxa5 Rxc7 67. Ra1 Ke3 68. Ra3+ Ke2 69. Ra2+ Kd3 70. Ra1 Kd2 71. Ra2+ Rc2
72. Rxc2+ Kxc2 73. Kf1 Kd2 74. Kg1 Ke2 75. Kh1 f2 76. Kg2 f1=Q+ 77. Kxg3 Qf3+
78. Kh2 Qg4 79. Kh1 Kf2 80. Kh2 Qh5# 0-1

[Event "ODJM A 2018"]
[Site "Willingen GER"]
[Date "2018.05.22"]
[Round "4"]
[White "Bartelt, Max Peter"]
[Black "Steffens, Oliver"]
[Result "1/2-1/2"]
[Termination "normal"]
[Board "25"]
[WhiteElo "1807"]
[BlackElo "1944"]
[PlyCount "64"]
[WhiteFideId "12967289"]
[BlackFideId "12947148"]
[EventCountry "GER"]
[EventRounds "9"]
[EventType "swiss"]
[EventDate "2018.05.19"]

1. d4 e6 2. Nf3 Nf6 3. g3 d5 4. Bg2 Be7 5. O-O O-O 6. c4 dxc4 7. Nc3 c5 8. e4
Nc6 9. d5 exd5 10. exd5 Nb4 11. Ne5 Bf5 12. Nxc4 Bd3 13. d6 Bxd6 14. Nxd6 Qxd6
15. Bf4 Qa6 16. Re1 Rae8 17. Qd2 Nc2 18. Rxe8 Rxe8 19. Rd1 c4 20. b3 b5 21.
Nxb5 Qxb5 22. bxc4 Qxc4 23. Qxd3 Qxa2 24. Rd2 {(=)} 24... Qa1+ 25. Bf1 Ne1 26.
Rd1 Qa5 27. Bd2 Nxd3 28. Bxa5 Nc5 29. Bb4 Ne6 30. Ra1 Rb8 31. Bd2 Rb7 32. Be3
h6 1/2-1/2

[Event "ODJM A 2018"]
[Site "Willingen GER"]
[Date "2018.05.22"]
[Round "4"]
[White "Reucker, Friedrich"]
[Black "Dette, Jan"]
[Result "0-1"]
[Termination "normal"]
[Board "26"]
[WhiteElo "1882"]
[BlackElo "2097"]
[PlyCount "89"]
[WhiteFideId "12993670"]
[BlackFideId "12936677"]
[EventCountry "GER"]
[EventRounds "9"]
[EventType "swiss"]
[EventDate "2018.05.19"]

1. d4 e6 2. g3 f5 3. Bg2 Nf6 4. Nf3 d5 5. O-O Bd6 6. b3 Qe7 7. Bb2 b6 8. c4 c6
9. Ne5 Bb7 10. Nd2 O-O 11. f3 Na6 12. e4 dxe4 13. fxe4 Bxe5 14. dxe5 Qc5+ 15.
Kh1 Ng4 16. Qe2 Ne3 17. Rf2 Nxg2 18. Kxg2 Qe7 19. Raf1 c5 20. Kg1 g6 21. Bc1
Nb4 22. exf5 gxf5 23. Rf4 Rad8 24. Rh4 Nd3 25. Ba3 Rf7 26. Nf3 Rg7 27. Rd1 Bxf3
28. Qxf3 Qxh4 29. Rxd3 Rxd3 30. Qxd3 Qd4+ 31. Qxd4 cxd4 32. Kf2 Rg4 33. c5 bxc5
34. Bxc5 a6 35. Ke2 Re4+ 36. Kd3 Rxe5 37. Bxd4 Re4 38. a4 Kf7 39. h3 h5 40. b4
e5 41. Bc3 Ke6 42. b5 Rxa4 43. b6 Ra3 44. Kc4 Rxc3+ 45. Kxc3 0-1

[Event "ODJM A 2018"]
[Site "Willingen GER"]
[Date "2018.05.22"]
[Round "4"]
[White "Schimnatkowski, Lukas"]
[Black "Fuhlrott, Tim"]
[Result "1/2-1/2"]
[Termination "normal"]
[Board "27"]
[WhiteElo "2051"]
[BlackElo "1930"]
[PlyCount "87"]
[WhiteFideId "12936723"]
[BlackFideId "16222431"]
[EventCountry "GER"]
[EventRounds "9"]
[EventType "swiss"]
[EventDate "2018.05.19"]

1. e4 d5 2. exd5 Qxd5 3. d4 Nf6 4. Nf3 Bg4 5. Be2 Qd6 6. c4 Nc6 7. Be3 e6 8.
Nc3 a6 9. O-O O-O-O 10. Qa4 Qb4 11. Qxb4 Bxb4 12. Rfd1 h6 13. Rac1 Bd6 14. a3
Rd7 15. b4 Rhd8 16. h3 Bf5 17. Na4 Be4 18. Nd2 Be7 19. Nxe4 Nxe4 20. d5 Nb8 21.
dxe6 Rxd1+ 22. Bxd1 fxe6 23. Bg4 b5 24. cxb5 axb5 25. Bxe6+ Kb7 26. Nc5+ Nxc5
27. Bxc5 Bf6 28. Rc2 Rd1+ 29. Kh2 Ra1 30. Ba2 Nd7 31. Be3 Ne5 32. Kg3 c6 33.
Bd4 Rd1 34. Bb2 g5 35. Be6 Rd3+ 36. Kh2 Kc7 37. Bc1 Rd1 38. Bb3 Nd3 39. Be3 Rb1
40. Bd5 Ne5 41. f4 Rd1 42. Ba2 Rd3 43. fxg5 hxg5 44. Bc1 1/2-1/2

[Event "ODJM A 2018"]
[Site "Willingen GER"]
[Date "2018.05.22"]
[Round "4"]
[White "Wachtel, Arthur"]
[Black "Wübker, Paul-Luca"]
[Result "0-1"]
[Termination "normal"]
[Board "28"]
[WhiteElo "1932"]
[BlackElo "2132"]
[PlyCount "92"]
[WhiteFideId "12988510"]
[BlackFideId "12939528"]
[EventCountry "GER"]
[EventRounds "9"]
[EventType "swiss"]
[EventDate "2018.05.19"]

1. e4 c5 2. Nf3 d6 3. Bb5+ Bd7 4. Bxd7+ Qxd7 5. c4 Nc6 6. d4 cxd4 7. Nxd4 g6 8.
b3 Nf6 9. Nc3 Bg7 10. Bb2 O-O 11. O-O a6 12. a4 Qd8 13. Re1 Qb6 14. Nxc6 bxc6
15. Rb1 a5 16. Na2 Rfb8 17. e5 dxe5 18. Bxe5 Rd8 19. Qf3 Rd2 20. Nc3 Qxf2+ 21.
Qxf2 Rxf2 22. Kxf2 Ng4+ 23. Kg3 Nxe5 24. Ne4 f5 25. Nc5 Kf7 26. h3 g5 27. Kf2
Bf6 28. Rbd1 Ra7 29. Re2 g4 30. hxg4 Nxg4+ 31. Kf3 Bc3 32. Rd7 Rxd7 33. Nxd7 e5
34. Nb8 c5 35. Nd7 Bd4 36. Nb6 e4+ 37. Kf4 Kg6 38. Rxe4 fxe4 39. Kxg4 Be5 40.
Nd5 h5+ 41. Kh4 Bd4 42. g4 Bf2+ 43. Kh3 h4 44. Nc3 e3 45. Kg2 Kg5 46. Kf3 h3
0-1

[Event "ODJM A 2018"]
[Site "Willingen GER"]
[Date "2018.05.22"]
[Round "4"]
[White "Wanner, Lukas"]
[Black "Tham, Minh"]
[Result "1/2-1/2"]
[Termination "normal"]
[Board "29"]
[WhiteElo "2045"]
[BlackElo "1910"]
[PlyCount "79"]
[WhiteFideId "12918148"]
[BlackFideId "12997323"]
[EventCountry "GER"]
[EventRounds "9"]
[EventType "swiss"]
[EventDate "2018.05.19"]

1. c4 e6 2. g3 d5 3. Bg2 c6 4. Nf3 Nf6 5. O-O Bd6 6. d4 O-O 7. Nc3 Re8 8. Nd2
e5 9. dxe5 Bxe5 10. cxd5 cxd5 11. Nf3 Bxc3 12. bxc3 Nc6 13. Nd4 Nxd4 14. cxd4
h6 15. Bf4 Bf5 16. Rc1 Rc8 17. Qd2 Qd7 18. Rfe1 b6 19. f3 Re6 20. Rxc8+ Qxc8
21. Rc1 Rc6 22. Kf2 Rxc1 23. Qxc1 Qa6 24. Qb2 Qa4 25. g4 Bg6 26. h4 Qc6 27. h5
Bc2 28. Bd2 Qa4 29. a3 Bb3 30. Bb4 a5 31. Be7 b5 32. Qc3 Bc4 33. Qd2 Kh7 34.
Bh3 Qb3 35. g5 Ne4+ 36. fxe4 Qxh3 37. gxh6 Qh2+ 38. Kf1 Qh1+ 39. Kf2 Qh2+ 40.
Kf1 1/2-1/2

[Event "ODJM A 2018"]
[Site "Willingen GER"]
[Date "2018.05.22"]
[Round "4"]
[White "Petersen, Finn Christopher"]
[Black "Melde, Benjamin"]
[Result "0-1"]
[Termination "normal"]
[Board "30"]
[WhiteElo "1821"]
[BlackElo "2069"]
[PlyCount "80"]
[WhiteFideId "12964840"]
[BlackFideId "12958816"]
[EventCountry "GER"]
[EventRounds "9"]
[EventType "swiss"]
[EventDate "2018.05.19"]

1. e4 c5 2. Nf3 d6 3. c3 Nf6 4. Be2 Nbd7 5. Qc2 b6 6. O-O Bb7 7. d3 e5 8. c4
Be7 9. Be3 Nf8 10. Nbd2 Ne6 11. Rfb1 Qc7 12. a3 h6 13. Nf1 g6 14. h3 Nh5 15. b4
Nhf4 16. Bxf4 Nxf4 17. Ne3 O-O 18. Kh2 f5 19. Nd5 Nxd5 20. cxd5 Rfc8 21. b5 Qd7
22. Qd2 Kh7 23. a4 Rg8 24. Rg1 Raf8 25. g3 Bc8 26. Rg2 fxe4 27. Ng1 Bg5 28. Qc2
e3 29. f3 Bf6 30. a5 h5 31. g4 Qf7 32. axb6 axb6 33. Ra4 Qxd5 34. d4 exd4 35.
Bc4 Qe5+ 36. Kh1 Rg7 37. Bd3 d5 38. Ra8 c4 39. Bxc4 dxc4 40. Qxc4 Be6 0-1

[Event "ODJM A 2018"]
[Site "Willingen GER"]
[Date "2018.05.22"]
[Round "4"]
[White "Teichert, Felix"]
[Black "Nguyen, Ha Thanh"]
[Result "0-1"]
[Termination "normal"]
[Board "31"]
[WhiteElo "1970"]
[BlackElo "1882"]
[PlyCount "117"]
[WhiteFideId "12987670"]
[BlackFideId "12942154"]
[EventCountry "GER"]
[EventRounds "9"]
[EventType "swiss"]
[EventDate "2018.05.19"]

1. d4 Nf6 2. g3 g6 3. Bg2 d5 4. c4 Bg7 5. Nf3 O-O 6. O-O c6 7. b3 Bf5 8. Nc3
Ne4 9. Bb2 Nxc3 10. Bxc3 Nd7 11. Nh4 Be6 12. cxd5 cxd5 13. Rc1 a5 14. Nf3 Nf6
15. Nd2 Qd7 16. Re1 Bh6 17. e3 Rfc8 18. Nf3 Qd8 19. Ne5 Nd7 20. Nd3 Ra6 21. Qd2
Rca8 22. Nc5 R6a7 23. Nxe6 fxe6 24. Bh3 Ra6 25. Rc2 Nf6 26. Bg2 Ne8 27. Rec1
Nd6 28. a4 Qf8 29. Bb2 b6 30. Rc6 Qe8 31. Bh3 Qf7 32. Ba3 Nf5 33. Bf1 R6a7 34.
Rxb6 Rf8 35. Rbc6 Rb7 36. R6c3 Rb6 37. Bc5 Rb7 38. Bb5 Rc7 39. Bb6 Rxc3 40.
Rxc3 e5 41. dxe5 d4 42. Rc6 dxe3 43. fxe3 Kh8 44. Bc4 Qe8 45. Bd5 Qb8 46. Qxa5
Nxe3 47. Bg2 Qb7 48. Qa7 Qxc6 49. Bxe3 Bxe3+ 50. Qxe3 Qc2 51. h3 Qd1+ 52. Kh2
Rb8 53. Qc5 Qd7 54. b4 Rc8 55. e6 Qd8 56. Qe5+ Kg8 57. a5 Rc2 58. a6 Qa8 59. a7
0-1

[Event "ODJM A 2018"]
[Site "Willingen GER"]
[Date "2018.05.22"]
[Round "4"]
[White "Hinrichs, Niklas"]
[Black "von Freymann, Franz"]
[Result "1-0"]
[Termination "normal"]
[Board "32"]
[WhiteElo "1976"]
[BlackElo "1809"]
[PlyCount "55"]
[WhiteFideId "12942499"]
[BlackFideId "12994014"]
[EventCountry "GER"]
[EventRounds "9"]
[EventType "swiss"]
[EventDate "2018.05.19"]

1. d4 Nf6 2. c4 g6 3. f3 c5 4. d5 d6 5. e4 Bg7 6. Nc3 O-O 7. Nge2 a6 8. a4 a5
9. Be3 Na6 10. Qd2 Nb4 11. O-O-O Bd7 12. g4 Qe8 13. b3 Qc8 14. Kb1 Ra7 15. h4
Qa8 16. h5 b5 17. cxb5 Rc7 18. Ng3 c4 19. Bxc4 Rfc8 20. hxg6 fxg6 21. g5 Rxc4
22. bxc4 Rxc4 23. gxf6 Bxf6 24. Nge2 Qc8 25. Rc1 Bxb5 26. Nxb5 Nd3 27. Rxc4
Qxc4 28. Qc2 1-0

[Event "ODJM A 2018"]
[Site "Willingen GER"]
[Date "2018.05.22"]
[Round "4"]
[White "Wissing, Philipp"]
[Black "Weber, Jannis"]
[Result "0-1"]
[Termination "normal"]
[Board "33"]
[WhiteElo "1802"]
[BlackElo "1871"]
[PlyCount "100"]
[WhiteFideId "12993654"]
[BlackFideId "12990760"]
[EventCountry "GER"]
[EventRounds "9"]
[EventType "swiss"]
[EventDate "2018.05.19"]

1. g3 Nf6 2. Bg2 g6 3. e4 e5 4. Ne2 Bg7 5. O-O O-O 6. Nbc3 c6 7. d3 d5 8. exd5
cxd5 9. Bg5 Be6 10. d4 e4 11. Nf4 h6 12. Nxe6 fxe6 13. Be3 Nc6 14. Bh3 Qe7 15.
Qd2 Kh7 16. Ne2 g5 17. a4 Rad8 18. g4 Nd7 19. Bg2 e5 20. c3 exd4 21. Nxd4 Nxd4
22. Bxd4 Ne5 23. Qe2 Nf3+ 24. Bxf3 Rxf3 25. Rae1 Qd7 26. Bxg7 Qxg4+ 27. Kh1
Kxg7 28. Rg1 Qf4 29. Rg2 Rf8 30. Qb5 Rxf2 31. Qxb7+ Qf7 32. Qxf7+ R8xf7 33. Rd1
Rxg2 34. Kxg2 Rd7 35. Kf2 Kf6 36. Ke3 Ke5 37. Rd4 Rf7 38. Rb4 Rf3+ 39. Ke2 Rh3
40. Rb7 Rxh2+ 41. Ke3 g4 42. Rxa7 Rxb2 43. Rg7 Rc2 44. Rxg4 Rxc3+ 45. Kd2 Ra3
46. Rh4 Kd4 47. Rxh6 Rxa4 48. Rh8 Ra2+ 49. Ke1 Kd3 50. Rh5 d4 0-1

[Event "ODJM A 2018"]
[Site "Willingen GER"]
[Date "2018.05.22"]
[Round "4"]
[White "Muckle, Richard"]
[Black "Klenk, Sofie"]
[Result "1-0"]
[Termination "normal"]
[Board "34"]
[WhiteElo "2014"]
[BlackElo "1898"]
[PlyCount "57"]
[WhiteFideId "12942553"]
[BlackFideId "12996653"]
[EventCountry "GER"]
[EventRounds "9"]
[EventType "swiss"]
[EventDate "2018.05.19"]

1. d4 d5 2. g3 Nf6 3. Bg2 c6 4. Nf3 Bf5 5. c3 h6 6. Ne5 Nbd7 7. Nxd7 Qxd7 8.
Nd2 e6 9. O-O Bd6 10. Re1 O-O 11. e4 dxe4 12. Nxe4 Nxe4 13. Bxe4 Bxe4 14. Rxe4
Rfe8 15. Rg4 Kf8 16. Qf3 e5 17. dxe5 Bxe5 18. Be3 Qc7 19. Qf5 b6 20. Qh7 Qd7
21. Re4 Qd5 22. Re1 Rad8 23. f4 Qd3 24. Qh8+ Ke7 25. Rxe5+ Kd7 26. Qxg7 Rxe5
27. Qxe5 Re8 28. Qd4+ Qxd4 29. cxd4 1-0